|
|
|
|
| LEADER |
00000nam0a2200000 4500 |
| 001 |
19547 |
| 005 |
20231101205302.0 |
| 010 |
|
|
|a 5250023797
|
| 035 |
|
|
|a (RuTPU)RU\TPU\book\19714
|
| 035 |
|
|
|a BOOK00019785
|
| 090 |
|
|
|a 19547
|
| 100 |
|
|
|a 20011209d1994 k y0rusy50 ca
|
| 101 |
0 |
|
|a rus
|
| 102 |
|
|
|a RU
|
| 105 |
|
|
|a y z 000zy
|
| 200 |
1 |
|
|a Этика преображенного Эроса
|f Б. П. Вышеславцев
|
| 210 |
|
|
|a Москва
|c Республика
|d 1994
|
| 215 |
|
|
|a 368 с.
|
| 225 |
1 |
|
|a Библиотека этической мысли
|
| 606 |
1 |
|
|a Русская философия
|x история
|z 20 в.
|2 stltpush
|3 (RuTPU)RU\TPU\subj\67507
|9 83282
|
| 606 |
1 |
|
|a Этика
|2 stltpush
|3 (RuTPU)RU\TPU\subj\21461
|9 46453
|
| 610 |
1 |
|
|a философия
|
| 610 |
1 |
|
|a психоанализ
|
| 610 |
1 |
|
|a сублимация
|
| 610 |
1 |
|
|a культура
|
| 610 |
1 |
|
|a бесконечное
|
| 610 |
1 |
|
|a абсолютное
|
| 610 |
1 |
|
|a свобода
|
| 610 |
1 |
|
|a самопознание
|
| 610 |
1 |
|
|a власть
|
| 610 |
1 |
|
|a возвышенное
|
| 610 |
1 |
|
|a память
|
| 610 |
1 |
|
|a 20 век
|
| 610 |
1 |
|
|a этика
|
| 610 |
1 |
|
|a религия
|
| 610 |
1 |
|
|a долг
|
| 610 |
1 |
|
|a творчество
|
| 610 |
1 |
|
|a закон
|
| 686 |
|
|
|a Ю3(2)6
|v LBC/SL-A
|2 rubbk
|
| 686 |
|
|
|a Ю7г
|v LBC/SL-A
|2 rubbk
|
| 700 |
|
1 |
|a Вышеславцев
|b Б. П.
|c русский философ
|f 1877-1954
|g Борис Петрович
|2 stltpui
|3 (RuTPU)RU\TPU\pers\1219
|9 543
|
| 801 |
|
0 |
|a RU
|b 63413507
|c 20011209
|g PSBO
|
| 801 |
|
2 |
|a RU
|b 63413507
|c 20141007
|g PSBO
|
| 942 |
|
|
|c BK
|